Statistics for Guess the Celebrity - Close Up #2

Click here to take the quiz!

General Stats

  • This quiz has been taken 2,833 times
  • The average score is 9 of 16

Answer Stats

Answer% Correct
Michael Jackson
94%
Simon Cowell
83%
Dua Lipa
79%
Ed Sheeran
79%
Daniel Radcliffe
76%
Taylor Swift
76%
Jennifer Aniston
73%
Cameron Diaz
60%
Julia Roberts
60%
Will Ferrell
60%
Orlando Bloom
50%
Hugh Jackman
44%
Meryl Streep
36%
Serena Williams
27%
Elton John
25%
Lady Gaga
17%

Score Distribution

Percentile by Number Answered

Percent of People with Each Score

Your Score History

You have not taken this quiz